01686nam a22002777a 4500003000900000008004100009040007100050082002400121110007400145245010800219260003200327300004600359440007500405505063600480650002001116650002201136650001501158650003001173650001001203650001801213700001601231700004001247700003101287700003501318710005501353AR-CdUCM190425b ||||| |||| 00| 0 spa d aMUNICIPALIDAD PROVINCIAL DEL CUSCOcBIBLIOTECA MUNICIPAL DEL CUSCO aRev.DIMA/N°21/1967 aInstituto y Museo Arqueológico de la Universidad Nacional del Cuzco aRevista del Museo e Instituto Arqueológico /cLuis A. Pardo, director, Universidad Nacional del Cuzco aCusco :bH.G. Rozas,c1967. a141 páginas. :bilustraciones ;c21 cm. aRevista del Museo e Instituto Arqueológico.nAño XIV, 1967. N°21. aContenido: El quechua a través de la historia. Luis A. Pardo. -- La restauración del Qoricancha y templo de Santo Domingo. Oscar Ladrón de Guevara Avilés. -- Interpretación de los personajes mitológicos del manto N° 5 del fardo funerario de Paracas N° 27. abierto en la universidad Nacional del Cusco. Carlos Galimberti Miranda. -- Origen del imperio de los Incas mito de los hermanos Ayar. Víctor Pérez Armendáriz. -- Conceptos vertidos por eminentes personalidades que han visitado el Museo e Instituto Arqueológico de la Universidad Nacional de San Antonio Abad del Cusco que constan en el libro de honor. aCultura Paracas aArquitectura Inka aQorikancha aConvento de Santo Domingo aInkas aHermanos Ayar aPardo, Luis aLadrón de Guevara Avilés, Oscar aGalimberti Miranda, Carlos aPérez Armendáriz, Víctor aUniversidad Nacional de San Antonio Abad del Cusco